| 000 | 00549nam a2200145 a 4500 | ||
|---|---|---|---|
| 008 | 120416s0000 ||||||||||||||||| || u | ||
| 020 | _a0521578825 | ||
| 050 | _aQC 125.2 Mac | ||
| 100 | _aMcCauley, Joseph L | ||
| 245 | 1 | 0 | _aClassical mechanics |
| 246 | _atransformations, flows, integrable and chaotic dynamics | ||
| 260 |
_aCambridge _bCambridge University Press _c1997 |
||
| 350 | _a0.00 | ||
| 995 |
_D0.00 _FCBU-MAIN LIBRARY (Kitwe) _H1 _I20.00 _UAVAILABLE _ZMain Library Open Access Collection |
||
| 999 |
_c37539 _d37539 |
||